| 000 | 00986cam a22002775a 4500 | ||
|---|---|---|---|
| 001 | 017571028 | ||
| 003 | OSt | ||
| 005 | 20201128023943.0 | ||
| 008 | 150929t2016 gw a frb 001 0 eng d | ||
| 020 | _a9783319216928 | ||
| 040 |
_aStDuBDS _beng _cStDuBDS _dEG-ScBUE |
||
| 082 | 0 | 4 |
_a658.408 _222 _bIAT |
| 100 | 1 | _aIatridis, Konstantinos. | |
| 245 | 1 | 0 |
_aResponsible research and innovation in industry : _bthe case for corporate responsibility tools / _cKonstantinos Iatridis, Doris Schroeder. |
| 260 |
_aCham : _bSpringer, _cc.2016. |
||
| 300 |
_axviii, 104 p. : _bill. ; _c24 cm. |
||
| 490 | 0 | _aSpringerBriefs in research and innovation governance. | |
| 500 | _aIndex : p. 101-104. | ||
| 504 | _aIncludes bibliographical references. | ||
| 650 | 7 |
_aSocial responsibility of business. _2BUEsh _91147 |
|
| 650 | 0 |
_aTechnological innovations _xEnvironmental aspects. _2BUEsh |
|
| 651 | _2BUEsh | ||
| 653 |
_bBUSADM _cOctober2016 |
||
| 700 | 1 |
_aSchroeder, Doris, _d1963- |
|
| 942 | _2ddc | ||
| 999 |
_c22904 _d22876 |
||